| 000 | 00439nam a2200121Ia 4500 | ||
|---|---|---|---|
| 008 | 241028s9999 xx 000 0 und d | ||
| 041 | _aeng | ||
| 082 | _a332.6323 JAM | ||
| 100 | _aJames Jessica | ||
| 245 | _aInflation-Linked Bonds And Derivatives: Investing, Hedging And Valuation Principles For Practitioners Investing, Hedging And Valuation Principles For Practitioners | ||
| 260 |
_bDe Gruyter _aBoston _c2022 |
||
| 300 | _a118;. P. 22 cm | ||
| 999 |
_c42901 _d42901 |
||